The Non-Domestic Rating (Alteration of Lists and Appeals) (England) (Amendment) Regulations 2015 (Record no. 115352)

MARC details
000 -LEADER
fixed length control field 01139cad a22002295a 4500
001 - CONTROL NUMBER
control field L158509
008 - FIXED-LENGTH DATA ELEMENTS--GENERAL INFORMATION
fixed length control field 150402s2015 xxk f 000 0 eng d
035 ## - SYSTEM CONTROL NUMBER
System control number (Sirsi) u158509
041 0# - LANGUAGE CODE
Language code of text/sound track or separate title eng
110 ## - MAIN ENTRY--CORPORATE NAME
Corporate name or jurisdiction name as entry element United Kingdom
Form subheading Laws, etc.
9 (RLIN) 5044
245 04 - TITLE STATEMENT
Title The Non-Domestic Rating (Alteration of Lists and Appeals) (England) (Amendment) Regulations 2015
260 ## - PUBLICATION, DISTRIBUTION, ETC.
Place of publication, distribution, etc. London
Name of publisher, distributor, etc. HM Government
Date of publication, distribution, etc. 2015
490 #0 - SERIES STATEMENT
Series statement SI
Volume/sequential designation 2015:424
520 ## - SUMMARY, ETC.
Summary, etc. Came into force on 28 March 2015. Amends Non-Domestic Rating (Alteration of Lists and Appeals) (England) Regulations 2009. Alterations to rateable values can only be backdated to the period between 1 April 2010 and 1 April 2015 for Valuation Office Agency alterations made before 1 April 2016 and ratepayers' appeals made before 1 April 2015.
590 ## - LOCAL NOTE (RLIN)
Local note KA
650 24 - SUBJECT ADDED ENTRY--TOPICAL TERM
Topical term or geographic name entry element NON-DOMESTIC RATING (ALTERATION OF LISTS AND APPEALS) (ENGLAND) REGULATIONS 2009
650 24 - SUBJECT ADDED ENTRY--TOPICAL TERM
Topical term or geographic name entry element RATING APPEALS
651 #4 - SUBJECT ADDED ENTRY--GEOGRAPHIC NAME
Geographic name England
Chronological subdivision 886-
690 ## - LOCAL SUBJECT ADDED ENTRY--TOPICAL TERM (OCLC, RLIN)
Topical term or geographic name as entry element Finance and taxation
856 40 - ELECTRONIC LOCATION AND ACCESS
Uniform Resource Identifier <a href="https://www.legislation.gov.uk/uksi/2015/424/contents/made">https://www.legislation.gov.uk/uksi/2015/424/contents/made</a>
Public note View the item free of charge at www.legislation.gov.uk
942 ## - ADDED ENTRY ELEMENTS (KOHA)
Suppress in OPAC 0
Holdings
Withdrawn status Lost status Source of classification or shelving scheme Damaged status Not for loan Home library Current library Shelving location Date acquired Total Checkouts Full call number Barcode Date last seen Copy number Price effective from Koha item type
    Dewey Decimal Classification     Virtual Virtual Online 02/04/2015   ONLINE PUBLICATION 158509-2001 06/08/2019 1 06/08/2019 Book